000 00294nam a22001337a 4500
008 170502b xxu||||| |||| 00| 0 eng d
020 _a9780763736286
041 _aeng
080 _a34
100 _a13
101 _aSHJ
245 _aJUVENILE DELINQUENCY
_cBURFEIND.J.W
942 _2udc
_cBK
999 _c12480
_d12480